000 00465nam a2200145Ia 4500
003 OSt
005 20260122171441.0
008 211028s2015 xx 000 0 und d
040 _cAIMIT LIBRARY
041 _aeng
100 _aAshwini A M; Harinakshi.
_g1316152
_97422
245 _aCase study with reference to short term sol vency position (working capital) of Keltron component complex ltd Kannur/
260 _aMangalore
_bHarinakshi.
_c2015
942 _2ddc
_cPRO
999 _c218992
_d218992